| 000 | 00369nam a22001337a 4500 | ||
|---|---|---|---|
| 003 | OSt | ||
| 005 | 20251113131853.0 | ||
| 008 | 251113b |||||||| |||| 00| 0 eng d | ||
| 040 | _cJ.B LIPPINCOTT COMPANY | ||
| 050 | _aCB 245 .K66 1954 | ||
| 245 |
_aREADINGS IN WESTERN CIVILIZATION _cKNOLES, GEORGE H. |
||
| 260 |
_aCHICAGO _bLIPPINCOTT COMPANY _c1954 |
||
| 942 |
_2ddc _cBK _n0 |
||
| 999 |
_c9800 _d9800 |
||